|
|
|
|
| LEADER |
00952nam a2200253 a 4500 |
| 001 |
6997 |
| 003 |
BD-DhAAL |
| 005 |
20151015121936.0 |
| 008 |
151015s1981 si b f001 0 eng |
| 010 |
|
|
|a 85117053
|
| 020 |
|
|
|a 002178756
|
| 040 |
|
|
|a DLC
|c DLC
|d DLC
|d BD-DhAAL
|
| 050 |
0 |
0 |
|a Z6122
|b .W56 1981
|a HV1568
|
| 082 |
0 |
0 |
|a 016.3624
|2 19
|
| 245 |
0 |
0 |
|a Window to the sky /
|
| 260 |
|
|
|a Singapore :
|a New York :
|b Young People's Service, National Library, Singapore,
|b Macmillan/McGraw-Hill,
|c c1993.
|
| 300 |
|
|
|a 367 p. ;
|c 28 cm.
|
| 500 |
|
|
|a Includes index.
|
| 541 |
|
|
|e 6997
|
| 650 |
|
0 |
|a People with disabilities
|x Juvenile literature
|v Bibliography.
|9 15466
|
| 710 |
2 |
|
|a National Library (Singapore).
|b Young People's Service.
|9 15467
|
| 942 |
|
|
|2 ddc
|c BK
|
| 999 |
|
|
|c 35803
|d 35803
|
| 952 |
|
|
|0 0
|1 0
|2 ddc
|4 0
|6 016_362400000000000_WIN
|7 0
|9 56322
|a SCL
|b SCL
|c GEN
|d 2015-10-15
|e Gift: The Asia Foundation
|l 0
|o 016.3624 WIN
|p 3020006997
|r 2015-10-15
|t 1
|w 2015-10-15
|y BK
|